000
00272nam a22001217a 4500
003
OSt
008
231108b |||||||| |||| 00| 0 eng d
041
_a
hin
082
_a
891.54
_b
LOK/KA
100
_a
Silakari, Loknath Dwivedi
_9
5570
245
_a
Kavya nikash
942
_c
BK
999
_c
17778
_d
17778